عرض عادي
عرض مارك
- Mass media and children
دخول Topical Term
001 - CONTROL NUMBER
- control field: 25338
003 - CONTROL NUMBER IDENTIFIER
- control field: AE-AdECS
005 - DATE AND TIME OF LATEST TRANSACTION
- control field: 20260120103644.0
008 - FIXED-LENGTH DATA ELEMENTS
- fixed length control field: 260120|| aca||aabn | a|a d
040 ## - CATALOGING SOURCE
- Original cataloging agency: AE-AdECS
- Transcribing agency: AE-AdECS
150 ## - HEADING--TOPICAL TERM
- Topical term or geographic name entry element: Mass media and children
670 ## - SOURCE DATA FOUND
- Source citation: Work cat.: (AE-AdECS)293797: Christakis, Dimitri A., author. 25337, Handbook of Children and Screens :
